| 000 | 00691nam a22002297a 4500 | ||
|---|---|---|---|
| 003 | OSt | ||
| 005 | 20260601193859.0 | ||
| 008 | 260505b2012 it ||||| |||| 00| 0 ita d | ||
| 040 |
_aICI _bSPA _cICI |
||
| 041 | _aita | ||
| 050 |
_aDB91 _bS63 2012 |
||
| 100 |
_aSmarrelli, Marcello, _eautor. _933569 |
||
| 245 |
_aSissi / _cMarcello Smarrelli. |
||
| 260 |
_aItalia : _b[s.n.], _c2012. |
||
| 300 |
_a150 _bilustraciones ; _c28 cm. |
||
| 600 | 1 |
_aElisabeth, _d1837-1898. _933570 |
|
| 650 |
_aEmperatrices Austria Y Siglo XIX. _933571 |
||
| 650 |
_aRealeza zAustria y Siglo XIX. _933572 |
||
| 650 |
_aHistoria de Austria y Siglo XIX. _933573 |
||
| 650 |
_aBiografĂas. _914439 |
||
| 942 |
_2lcc _cB _n1 |
||
| 999 |
_c22172 _d22172 |
||